[Event "USCL Week 2"]
[Site "?"]
[Date "2013.09.03"]
[Round "?"]
[White "Vovsha, Eli"]
[Black "Herman, Matt"]
[Result "1/2-1/2"]
[WhiteElo "2528"]
[BlackElo "2424"]
[PlyCount "95"]
[EventDate "2013.??.??"]

1. e4 c5 2. Nf3 d6 3. d4 cxd4 4. Nxd4 Nf6 5. Nc3 a6 6. Be3 e5 7. Nb3 Be7 8. Qd2
O-O 9. O-O-O a5 10. Kb1 a4 11. Nc1 a3 12. b3 Ra5 13. f3 Be6 14. Nd3 d5 15. Nxe5
dxe4 16. Nc4 Bxc4 17. Bxc4 Qxd2 18. Bxd2 exf3 19. Nb5 fxg2 20. Rhe1 Rxb5 21.
Bxb5 Bc5 22. Be3 Bb4 23. Bd2 Bc5 24. Be3 Bb4 25. Re2 Ne4 26. Bd4 Nd2+ 27. Rdxd2
Bxd2 28. Rxg2 Bh6 29. Bc5 Rd8 30. Bd3 Nc6 31. Bxa3 Ne5 32. Be2 Ng6 33. Rg1 Bf4
34. Rh1 Rd2 35. Bf3 b6 36. h4 Rf2 37. Bd1 f5 38. Bb2 Be3 39. h5 Nf4 40. Rg1 g6
41. hxg6 hxg6 42. a4 Kf7 43. Rg3 Bc5 44. c3 Rf1 45. Kc2 Rf2+ 46. Kb1 Rf1 47.
Kc2 Rf2+ 48. Kb1 1/2-1/2

[Event "USCL Week 2"]
[Site "?"]
[Date "2013.09.03"]
[Round "?"]
[White "Bodek, Michael"]
[Black "Salimbagat, Rico"]
[Result "1-0"]
[WhiteElo "2484"]
[BlackElo "2259"]
[PlyCount "55"]
[EventDate "2013.??.??"]

1. e4 e5 2. Nf3 Nc6 3. Nc3 f5 4. d4 fxe4 5. Nxe5 Nf6 6. Bg5 Bb4 7. Bc4 d5 8.
Bb3 O-O 9. O-O Ne7 10. f3 exf3 11. Rxf3 c6 12. Qd3 Kh8 13. Raf1 Qd6 14. g4 Be6
15. Bxf6 gxf6 16. Rxf6 Rxf6 17. Rxf6 Kg7 18. g5 Ng8 19. Rf4 Rf8 20. Ne2 c5 21.
Qe3 c4 22. Ba4 Ba5 23. c3 Bd8 24. h4 Bc7 25. Bc2 Qb6 26. Ng3 Bd6 27. Nh5+ Kh8
28. g6 1-0

[Event "USCL Week 2"]
[Site "?"]
[Date "2013.09.03"]
[Round "?"]
[White "Goldenberg, Ryan"]
[Black "Kumar, Aravind"]
[Result "0-1"]
[WhiteElo "2348"]
[BlackElo "2146"]
[PlyCount "94"]
[EventDate "2013.??.??"]

1. e4 e6 2. d4 d5 3. Nc3 Bb4 4. e5 c5 5. a3 Bxc3+ 6. bxc3 Ne7 7. Qg4 Qc7 8. Bd3
Nbc6 9. Qxg7 Rg8 10. Qxh7 cxd4 11. Ne2 Qxe5 12. Bf4 Qf6 13. h4 dxc3 14. Bg5 Qe5
15. Bf4 Qf6 16. Bg5 Qe5 17. f4 Qd6 18. Nxc3 a6 19. Ne2 e5 20. fxe5 Qxe5 21. O-O
Be6 22. Nf4 Rh8 23. Nxe6 Rxh7 24. Rae1 Qb8 25. Bxh7 fxe6 26. Rxe6 Kd7 27. Rfe1
Qa7+ 28. Kh1 Qc5 29. Bxe7 Nxe7 30. Rxe7+ Qxe7 31. Bf5+ Kd6 32. Rxe7 Kxe7 33.
Kh2 Rh8 34. Kh3 b5 35. Bd3 Rc8 36. Kg4 Rc3 37. Kf5 Rxa3 38. Be2 Rc3 39. h5 Rxc2
40. Bf3 d4 41. Be4 Rf2+ 42. Ke5 d3 43. Bxd3 Rxg2 44. h6 Rh2 45. h7 Kf7 46. Kd4
Kg7 47. Kc5 Rxh7 0-1

[Event "USCL Week 2"]
[Site "?"]
[Date "2013.09.03"]
[Round "?"]
[White "Gorman, Dov"]
[Black "Benjamin, Joel"]
[Result "1/2-1/2"]
[WhiteElo "2362"]
[BlackElo "2640"]
[PlyCount "110"]
[EventDate "2013.??.??"]

1. e4 e5 2. Nf3 Nc6 3. d4 exd4 4. Nxd4 Bb4+ 5. Nc3 Nge7 6. Nxc6 Nxc6 7. Bd3 d6
8. O-O O-O 9. Nd5 Bc5 10. Qh5 Ne5 11. Bg5 f6 12. Be3 Be6 13. Bxc5 dxc5 14. Nf4
Bg4 15. Bc4+ Kh8 16. Ng6+ Nxg6 17. Qxg4 Ne5 18. Qe2 Qd4 19. Be6 Rae8 20. c3 Qd3
21. Bg4 Qc4 22. Rfe1 Rd8 23. Qxc4 Nxc4 24. Re2 g5 25. g3 Rd6 26. Kg2 Rfd8 27.
b3 Ne5 28. h3 Rd2 29. Kf1 Kg7 30. Rxd2 Rxd2 31. Rd1 Rd6 32. Rxd6 cxd6 33. Bc8
b6 34. Ke2 h6 35. Bf5 Kf8 36. f4 gxf4 37. gxf4 Nc6 38. Be6 Ne7 39. Kf3 Ng6 40.
Kg4 Kg7 41. Bc4 Ne7 42. Be6 Kf8 43. Bc4 f5+ 44. exf5 Kg7 45. Be6 d5 46. Kf3 Kf6
47. Ke2 Kg7 48. Kd3 Kf6 49. a4 a5 50. Ke2 Kg7 51. Kd3 Kf6 52. Ke2 Kg7 53. Kd3
Kf6 54. Ke2 Kg7 55. Kd3 Kf6 1/2-1/2

[Event "USCL Week 2"]
[Site "?"]
[Date "2013.09.03"]
[Round "?"]
[White "Kapengut, Albert"]
[Black "Minear, Peter"]
[Result "1/2-1/2"]
[WhiteElo "2363"]
[BlackElo "2385"]
[PlyCount "87"]
[EventDate "2013.??.??"]

1. e4 e5 2. Nf3 Nc6 3. Bb5 a6 4. Ba4 Nf6 5. O-O Be7 6. Re1 b5 7. Bb3 d6 8. c3
O-O 9. h3 Bb7 10. d4 Re8 11. Nbd2 Bf8 12. a3 h6 13. Bc2 Nb8 14. b4 Nbd7 15. Bb2
g6 16. c4 exd4 17. cxb5 axb5 18. Nxd4 c6 19. Rc1 Bg7 20. Bd3 Qb6 21. Qb3 Ne5
22. Bf1 Rad8 23. N4f3 Nh5 24. Nxe5 Bxe5 25. Nf3 Bg7 26. Bxg7 Nxg7 27. Qc3 Ne6
28. Qe3 Qxe3 29. Rxe3 Kf8 30. Rd1 Ng5 31. Nxg5 hxg5 32. Rdd3 Re6 33. f3 Rde8
34. Kf2 Ke7 35. Re2 Ra8 36. Rc2 f6 37. Rdc3 Kd8 38. Bd3 Re7 39. Ke3 Rc8 40. Kd4
Rh7 41. Ke3 Re7 42. Kd4 Rh7 43. Ke3 Re7 44. Kd4 1/2-1/2

[Event "USCL Week 2"]
[Site "?"]
[Date "2013.09.03"]
[Round "?"]
[White "Costigan, Richard"]
[Black "Katz, Alexander"]
[Result "1/2-1/2"]
[WhiteElo "2288"]
[BlackElo "2362"]
[PlyCount "161"]
[EventDate "2013.??.??"]

1. d4 Nf6 2. Nf3 e6 3. Bg5 h6 4. Bh4 c5 5. c3 Nc6 6. e3 b6 7. Nbd2 Bb7 8. Bd3
Be7 9. O-O O-O 10. h3 d5 11. Qe2 Ne4 12. Bxe7 Nxe7 13. Rfd1 Qc7 14. Rac1 Rac8
15. Ba6 Bxa6 16. Qxa6 Nxd2 17. Rxd2 cxd4 18. Nxd4 Nc6 19. Nf3 Na5 20. b3 Nb7
21. Qe2 Nd6 22. Rdc2 Qe7 23. Nd2 Rc5 24. Qd3 Rfc8 25. e4 dxe4 26. Nxe4 Rd5 27.
Qf3 Rd8 28. Nxd6 Qxd6 29. c4 Rd3 30. Qe2 Qc5 31. Re1 Qg5 32. Qg4 Qxg4 33. hxg4
Rd2 34. Re2 Rxe2 35. Rxe2 Rd1+ 36. Kh2 Kf8 37. Rc2 Ra1 38. Kg3 Ke7 39. Kf3 g6
40. Ke4 f5+ 41. gxf5 gxf5+ 42. Kd4 Rd1+ 43. Ke3 e5 44. c5 bxc5 45. Rxc5 Ke6 46.
g3 Rd6 47. Ra5 a6 48. b4 Rb6 49. a3 h5 50. Rc5 Rd6 51. a4 Rb6 52. Rc4 Kd5 53.
a5 Rb5 54. Rh4 f4+ 55. gxf4 Rxb4 56. Rxh5 Re4+ 57. Kd3 Rxf4 58. Rh6 Rxf2 59.
Rxa6 Rf3+ 60. Ke2 Ke4 61. Rb6 Re3+ 62. Kd2 Ra3 63. Rb5 Kf4 64. Kc2 e4 65. Kb2
Ra4 66. Kb3 Ra1 67. Kb2 Rh1 68. a6 Rh8 69. a7 Ra8 70. Rb7 e3 71. Kc3 Kf3 72.
Rf7+ Ke2 73. Kc4 Kd2 74. Rd7+ Kc2 75. Re7 Kd2 76. Kb5 e2 77. Kb6 Rd8 78. Kb7
e1=Q 79. Rxe1 Kxe1 80. a8=Q Rxa8 81. Kxa8 1/2-1/2

[Event "USCL Week 2"]
[Site "?"]
[Date "2013.09.03"]
[Round "?"]
[White "Balakrishnan, Praveen"]
[Black "Dehmelt, Karl"]
[Result "0-1"]
[WhiteElo "2240"]
[BlackElo "2260"]
[PlyCount "70"]
[EventDate "2013.??.??"]

1. e4 e5 2. Nf3 Nc6 3. Bb5 a6 4. Ba4 Nf6 5. d3 d6 6. O-O Be7 7. c3 b5 8. Bc2
O-O 9. Re1 Bb7 10. Nbd2 d5 11. d4 exd4 12. cxd4 Nb4 13. e5 Nxc2 14. Qxc2 Ne4
15. Nb3 a5 16. Nc5 Nxc5 17. dxc5 d4 18. c6 d3 19. Qd1 Bxc6 20. Re3 Bxf3 21.
gxf3 Bc5 22. Rxd3 Qh4 23. Be3 Bxe3 24. Rxe3 Ra6 25. Re4 Qg5+ 26. Kh1 Rg6 27.
Qf1 Rd8 28. Rae1 Rd2 29. R1e2 Rxe2 30. Rxe2 Qf5 31. Re3 h5 32. h3 c5 33. Kh2 c4
34. b3 c3 35. Qxb5 Qb1 0-1

[Event "USCL Week 2"]
[Site "?"]
[Date "2013.09.03"]
[Round "?"]
[White "Perelshteyn, Eugene"]
[Black "Kekelidze, Mikheil"]
[Result "1/2-1/2"]
[WhiteElo "2577"]
[BlackElo "2576"]
[PlyCount "159"]
[EventDate "2013.??.??"]

1. Nf3 c5 2. c4 g6 3. d4 Bg7 4. e4 Qa5+ 5. Bd2 Qb6 6. Bc3 cxd4 7. Bxd4 Bxd4 8.
Qxd4 Qxd4 9. Nxd4 Nc6 10. Nb5 Kf8 11. N1c3 d6 12. h4 Nf6 13. Be2 h5 14. O-O Kg7
15. Nc7 Rb8 16. N7d5 Nd4 17. Bd3 Nxd5 18. exd5 Bf5 19. Rad1 Rhc8 20. Rfe1 Bxd3
21. Rxd3 Nf5 22. Re4 a6 23. a4 b6 24. g3 Rb7 25. b3 Nh6 26. f3 Ng8 27. Re1 Nf6
28. Kf2 Kf8 29. Rde3 Rc5 30. R3e2 b5 31. axb5 axb5 32. Nxb5 Nxd5 33. Ra1 Nf6
34. Ra8+ Kg7 35. Rd8 d5 36. Re5 e6 37. Nd4 Rcc7 38. cxd5 Nxd5 39. Re2 Rb4 40.
Rd2 Nf6 41. Rd6 Rc5 42. Rd3 e5 43. Nc6 Rb6 44. Ne7 Rc2+ 45. Ke3 Rxd6 46. Rxd6
Rb2 47. Rd3 Rg2 48. Nd5 Nxd5+ 49. Rxd5 Kf6 50. Rd2 Rxg3 51. b4 Rh3 52. b5 Rxh4
53. Rb2 Ra4 54. b6 Ra3+ 55. Kf2 Ra8 56. b7 Rb8 57. Kg3 g5 58. Rb5 Ke6 59. Kh3
Kf5 60. Rb6 f6 61. Kg3 g4 62. fxg4+ hxg4 63. Rb4 Ke6 64. Kxg4 f5+ 65. Kg5 f4
66. Kg4 Kd5 67. Kf3 Kc6 68. Re4 Kd6 69. Rb4 Kd5 70. Rb5+ Kd4 71. Rb4+ Kc5 72.
Re4 Kd6 73. Rb4 Kd5 74. Rb5+ Kd4 75. Rb4+ Kd3 76. Re4 Rxb7 77. Rxe5 Rf7 78. Re4
Rf8 79. Rxf4 Rxf4+ 80. Kxf4 1/2-1/2

[Event "USCL Week 2"]
[Site "?"]
[Date "2013.09.03"]
[Round "?"]
[White "Bonin, Jay"]
[Black "Shmelov, Denys"]
[Result "1/2-1/2"]
[WhiteElo "2436"]
[BlackElo "2465"]
[PlyCount "121"]
[EventDate "2013.??.??"]

1. d4 d5 2. Nf3 Nf6 3. c4 c6 4. Nbd2 g6 5. e3 Bg7 6. Bd3 O-O 7. b4 a5 8. b5 c5
9. Bb2 Nbd7 10. O-O b6 11. cxd5 Nxd5 12. Nc4 Bb7 13. Rc1 Rc8 14. Be2 Rc7 15.
Qd2 N7f6 16. Rfd1 Qa8 17. Qe1 Nd7 18. dxc5 Bxb2 19. Nxb2 bxc5 20. Nc4 a4 21. a3
N5b6 22. Qa5 Rfc8 23. Qxa8 Bxa8 24. Nfe5 Nxc4 25. Nxd7 Nd6 26. Nb6 Rb8 27. Nxa8
Rxa8 28. b6 Rd7 29. Rxc5 Rb8 30. Rc7 Rxc7 31. bxc7 Rc8 32. Rc1 Ne8 33. Bb5 Nxc7
34. Bxa4 Ra8 35. Bd1 Nd5 36. Bf3 e6 37. Bxd5 exd5 38. Ra1 Ra4 39. Kf1 Kf8 40.
Ke2 Ke7 41. Kd3 Kd6 42. Kc3 Rc4+ 43. Kb3 Kc5 44. Ra2 Rg4 45. g3 h5 46. Rd2 h4
47. Rd4 Rxd4 48. exd4+ Kxd4 49. a4 h3 50. a5 Kc5 51. Kc3 Kb5 52. Kd4 Kxa5 53.
Kxd5 Kb4 54. Ke4 Kc4 55. Kf4 Kd3 56. Kg4 Ke4 57. f4 f6 58. Kxh3 Kf3 59. Kh4 Kg2
60. f5 gxf5 61. Kh5 1/2-1/2

[Event "USCL Week 2"]
[Site "?"]
[Date "2013.09.03"]
[Round "?"]
[White "Chandran, Kapil"]
[Black "Miller, Jake"]
[Result "0-1"]
[WhiteElo "2330"]
[BlackElo "2222"]
[PlyCount "90"]
[EventDate "2013.??.??"]

1. e4 g6 2. d4 Bg7 3. c4 c5 4. d5 d6 5. Nc3 Nf6 6. Bd3 O-O 7. Nge2 e6 8. O-O
exd5 9. exd5 a6 10. Qc2 Re8 11. h3 Qc7 12. b3 Nbd7 13. f4 Rb8 14. Bb2 b6 15.
Rf2 Bb7 16. a4 h6 17. Raf1 Re7 18. g4 Rbe8 19. g5 hxg5 20. fxg5 Nh7 21. Rxf7
Nxg5 22. Rxe7 Rxe7 23. h4 Nf7 24. Nf4 Nf8 25. Bxg6 Bd4+ 26. Kh2 Ne5 27. Bf5 Bc8
28. Nh5 Bxf5 29. Nf6+ Kh8 30. Qxf5 Neg6 31. Rf3 Re5 32. Qg4 Qe7 33. Nfe4 Kg7
34. Bc1 Qxh4+ 35. Qxh4 Nxh4 36. Rg3+ Nfg6 37. Bg5 Bxc3 38. Nxc3 Rxg5 39. Ne4
Rxg3 40. Kxg3 Nf5+ 41. Kg4 Nge7 42. Kg5 Kf7 43. Kh5 Nc8 44. Ng5+ Kf6 45. Ne6
Nd4 0-1

[Event "USCL Week 2"]
[Site "?"]
[Date "2013.09.03"]
[Round "?"]
[White "Bregadze, Levan"]
[Black "Vigorito, David"]
[Result "1-0"]
[WhiteElo "2469"]
[BlackElo "2532"]
[PlyCount "77"]
[EventDate "2013.??.??"]

1. Nf3 g6 2. c4 Bg7 3. Nc3 c5 4. d4 cxd4 5. Nxd4 Nc6 6. Nc2 Bxc3+ 7. bxc3 Qa5
8. Ne3 Nf6 9. Nd5 d6 10. Rb1 O-O 11. a4 Be6 12. Rb5 Qd8 13. Rxb7 Rb8 14. Rxb8
Qxb8 15. g3 Nd7 16. Bg2 Nde5 17. O-O Nxc4 18. Bh6 Rc8 19. Nb4 N6e5 20. Qd4 f6
21. Nd5 Kf7 22. h3 Nb6 23. Rb1 Rc4 24. Qd1 Qc8 25. Rxb6 axb6 26. Nxb6 Qa6 27.
Nxc4 Bxc4 28. Bf4 Bxe2 29. Qd5+ Ke8 30. Qg8+ Kd7 31. Bxe5 fxe5 32. Qxh7 Qd3 33.
Qf7 Qxc3 34. Kh2 Bd3 35. Qf3 Qc2 36. Qb7+ Ke6 37. a5 Qd2 38. Qd5+ Kd7 39. a6
1-0

[Event "USCL Week 2"]
[Site "?"]
[Date "2013.09.03"]
[Round "?"]
[White "Winer, Steven"]
[Black "Enkhbat, Tegshsuren"]
[Result "1-0"]
[WhiteElo "2409"]
[BlackElo "2492"]
[PlyCount "131"]
[EventDate "2013.??.??"]

1. d4 d5 2. c4 c6 3. Nf3 Nf6 4. Nc3 a6 5. a4 e6 6. Bg5 Be7 7. e3 a5 8. Be2 Na6
9. O-O O-O 10. Qb3 Nb4 11. Na2 dxc4 12. Bxc4 Nxa2 13. Rxa2 Nd5 14. Bxe7 Qxe7
15. Rc1 Nb4 16. Raa1 Bd7 17. Ne5 Rfc8 18. Be2 Rab8 19. Qa3 Qd8 20. Nd3 Nxd3 21.
Bxd3 Be8 22. Rc3 g6 23. Rac1 b5 24. Rc5 bxa4 25. Bc2 Rb4 26. Bxa4 Rcb8 27. b3
h5 28. Qa2 Kg7 29. h3 R8b7 30. Qc2 Rb8 31. Qe4 Kg8 32. Qe5 Ra8 33. g3 Rbb8 34.
Kg2 Qb6 35. g4 h4 36. Kf3 Rd8 37. Qf6 Rd5 38. Qxh4 Rad8 39. Qe7 Qb8 40. Kg2
R8d7 41. Qf6 R7d6 42. Qf4 Qb6 43. Qe4 Kg7 44. R1c4 Qb8 45. Qc2 Qd8 46. Qc3 Kg8
47. Rxd5 exd5 48. Rc5 Qe7 49. Qc2 Qe6 50. Rxa5 f5 51. Qe2 Bd7 52. Ra8+ Kg7 53.
Ra7 Kh6 54. Kg3 g5 55. Qf3 Qf7 56. Qxf5 Qxf5 57. gxf5 Bxf5 58. Ra6 Bd7 59. b4
Rg6 60. Bc2 Rf6 61. b5 Kg7 62. Ra7 Rf7 63. b6 Bc8 64. Rxf7+ Kxf7 65. Bf5 Ba6
66. f4 1-0

[Event "USCL Week 2"]
[Site "?"]
[Date "2013.09.03"]
[Round "?"]
[White "Defibaugh, Jared"]
[Black "Riordan, Charles"]
[Result "1/2-1/2"]
[WhiteElo "2297"]
[BlackElo "2386"]
[PlyCount "97"]
[EventDate "2013.??.??"]

1. e4 c5 2. Nf3 e6 3. b3 d6 4. Bb2 Nf6 5. e5 dxe5 6. Nxe5 Nbd7 7. Qf3 Nxe5 8.
Bxe5 Qd5 9. Qxd5 Nxd5 10. Na3 f6 11. Bb2 Bd7 12. Bb5 O-O-O 13. O-O-O e5 14.
Bxd7+ Rxd7 15. Nc4 h5 16. Ne3 Nb4 17. a3 Nc6 18. c4 Bd6 19. Nd5 Ne7 20. Nxe7+
Bxe7 21. Rde1 Bd6 22. h3 Re7 23. d3 Kd7 24. Kc2 a6 25. Bc3 Kc6 26. Re2 Rhe8 27.
Rhe1 g6 28. g4 g5 29. Kd2 Rh7 30. b4 hxg4 31. hxg4 b5 32. Re4 Rb8 33. R1e3 bxc4
34. Rxc4 Kd5 35. Re1 Rh2 36. Ke2 Rb7 37. Rc1 cxb4 38. Bxb4 Rb6 39. R1c2 Rh7 40.
Ke3 Rd7 41. d4 Bxb4 42. axb4 exd4+ 43. Kd3 Rdb7 44. Rxd4+ Ke6 45. Rcc4 Rd7 46.
Rxd7 Kxd7 47. Ke4 Rb5 48. f4 gxf4 49. Kxf4 1/2-1/2

[Event "USCL Week 2"]
[Site "?"]
[Date "2013.09.03"]
[Round "?"]
[White "Liu, Andrew"]
[Black "Krause, Ben"]
[Result "1-0"]
[WhiteElo "2296"]
[BlackElo "2323"]
[PlyCount "81"]
[EventDate "2013.??.??"]

1. d4 Nf6 2. c4 g6 3. Nc3 d5 4. Nf3 Bg7 5. Bg5 dxc4 6. Qa4+ c6 7. Qxc4 Be6 8.
Qd3 h6 9. Bd2 Na6 10. e4 Bg4 11. Qe3 Nc7 12. Bc4 Bxf3 13. gxf3 Nd7 14. Ne2 e5
15. Qb3 O-O 16. Qxb7 exd4 17. Ba5 Ne5 18. Bxc7 Nxf3+ 19. Kd1 Qe7 20. Ba6 Qxe4
21. Ng3 Qg4 22. h3 Qg5 23. Qb4 c5 24. Qa5 Qd5 25. Rc1 Ne5 26. Rxc5 Qf3+ 27. Be2
Qxf2 28. Qe1 Qe3 29. Nf1 Qe4 30. Nd2 Qe3 31. Qg1 Qxg1+ 32. Rxg1 d3 33. Bf1 Rac8
34. Bd6 Rxc5 35. Bxc5 Rc8 36. Bd4 Nc4 37. Bxg7 Kxg7 38. Nxc4 Rxc4 39. Bxd3 Rh4
40. Rg3 f5 41. Bxf5 1-0

[Event "USCL Week 2"]
[Site "?"]
[Date "2013.09.03"]
[Round "?"]
[White "Martirosov, Vadim"]
[Black "Pressman, Leif"]
[Result "0-1"]
[WhiteElo "2349"]
[BlackElo "2374"]
[PlyCount "96"]
[EventDate "2013.??.??"]

1. d4 d5 2. c4 c6 3. Nf3 Nf6 4. e3 Bf5 5. Nc3 e6 6. Nh4 Be4 7. f3 Bg6 8. Qb3 b5
9. cxb5 c5 10. g3 Nbd7 11. Bd2 Bd6 12. Rc1 Bh5 13. Be2 g5 14. Ng2 Qb8 15. O-O
Bg6 16. f4 h6 17. Be1 Kf8 18. Qd1 c4 19. b3 Ba3 20. bxc4 Bxc1 21. Qxc1 dxc4 22.
Bf3 Bd3 23. Rf2 Kg7 24. fxg5 hxg5 25. Bxa8 Qxa8 26. e4 Rh5 27. g4 Nxg4 28. Qd1
f5 29. exf5 exf5 30. Ne3 Ndf6 31. Nxg4 Nxg4 32. Qf3 Qb8 33. Rg2 Rxh2 34. Bg3
Rxg2+ 35. Kxg2 Qe8 36. Qb7+ Qf7 37. Qxf7+ Kxf7 38. Bb8 Ne3+ 39. Kf3 Nd5 40.
Nxd5 Be4+ 41. Ke3 Bxd5 42. a4 f4+ 43. Kd2 f3 44. Bg3 Ke6 45. a5 Kf5 46. Ke3 Kg4
47. Be1 Kh3 48. a6 Kg2 0-1

[Event "USCL Week 2"]
[Site "?"]
[Date "2013.09.04"]
[Round "?"]
[White "Jones, Craig"]
[Black "Getz, Alec"]
[Result "1/2-1/2"]
[WhiteElo "2251"]
[BlackElo "2433"]
[PlyCount "117"]
[EventDate "2013.??.??"]

1. g3 d5 2. Bg2 Nf6 3. Nf3 e6 4. O-O b6 5. c4 Bb7 6. cxd5 exd5 7. Ne5 Bd6 8.
Nc4 Be7 9. b3 c5 10. Bb2 Nc6 11. Ne3 Qd7 12. d4 Nxd4 13. Bxd4 cxd4 14. Nc2 Ne4
15. Nxd4 Rc8 16. e3 Ba6 17. f3 Bxf1 18. Qxf1 Ng5 19. Nd2 Bf6 20. f4 Bxd4 21.
exd4 Ne4 22. Bh3 f5 23. Nf3 O-O 24. Ne5 Qd6 25. Qa6 Rc7 26. Rd1 g6 27. Bg2 Rfc8
28. Bxe4 dxe4 29. Nc4 Qd5 30. Ne3 Qd7 31. Rd2 Rc3 32. Qe2 Qd6 33. Kg2 Qc6 34.
Kh3 b5 35. Kh4 a6 36. Kh3 Qd6 37. Kg2 Rc1 38. Kh3 R8c3 39. d5 h6 40. Rd4 Kf7
41. Qd2 Kf6 42. a4 g5 43. fxg5+ hxg5 44. axb5 axb5 45. Qf2 f4 46. Rxe4 Rxe3 47.
Rxe3 Qxd5 48. gxf4 Qf5+ 49. Kg2 Rc2 50. fxg5+ Kg6 51. Re2 Qd5+ 52. Kh3 Qd3+ 53.
Kh4 Rxe2 54. Qf6+ Kh7 55. Qf7+ Kh8 56. Qf8+ Kh7 57. Qf7+ Kh8 58. Qf8+ Kh7 59.
Qf7+ 1/2-1/2

[Event "USCL Week 2"]
[Site "?"]
[Date "2013.09.04"]
[Round "?"]
[White "Gater, Daniel"]
[Black "Cunningham, Robin"]
[Result "0-1"]
[WhiteElo "2170"]
[BlackElo "2225"]
[PlyCount "64"]
[EventDate "2013.??.??"]

1. e4 c6 2. d4 d5 3. Nd2 dxe4 4. Nxe4 Nd7 5. Ng5 Ngf6 6. Bc4 e6 7. Qe2 Nb6 8.
Bb3 a5 9. a3 h6 10. N5f3 a4 11. Ba2 c5 12. Bf4 Nbd5 13. Bd2 Qb6 14. O-O-O cxd4
15. Ne5 Nc3 16. Bxc3 dxc3 17. Nc4 cxb2+ 18. Kb1 Qc7 19. Nf3 Bc5 20. Nd4 Bxd4
21. Rxd4 O-O 22. Nd6 Nd5 23. Nb5 Nc3+ 24. Nxc3 Qxc3 25. Rd3 Qc5 26. Kxb2 Ra5
27. Qd2 b6 28. Rc3 Rb5+ 29. Kc1 Qe5 30. f4 Qf6 31. Rd1 Bb7 32. g3 Rc5 0-1

[Event "USCL Week 2"]
[Site "?"]
[Date "2013.09.04"]
[Round "?"]
[White "Becerra, Julio"]
[Black "Kannappan, Priyadharshan"]
[Result "1/2-1/2"]
[WhiteElo "2619"]
[BlackElo "2508"]
[PlyCount "52"]
[EventDate "2013.??.??"]

1. e4 e5 2. Nf3 Nc6 3. Bb5 f5 4. d3 fxe4 5. dxe4 Nf6 6. O-O Bc5 7. Qd3 Nd4 8.
Nxd4 Bxd4 9. Nd2 Qe7 10. Bc4 d6 11. Nf3 Bb6 12. a4 a6 13. a5 Ba7 14. Be3 Bxe3
15. fxe3 Be6 16. Bxe6 Qxe6 17. Ng5 Qg8 18. c4 h6 19. Nf3 Qe6 20. Nd2 O-O 21. b4
c6 22. Rf5 Rf7 23. Raf1 Raf8 24. h3 g6 25. R5f3 Kg7 26. R1f2 Nd7 1/2-1/2

[Event "USCL Week 2"]
[Site "?"]
[Date "2013.09.04"]
[Round "?"]
[White "Mederos, Dennis"]
[Black "Stuart, Zach"]
[Result "1/2-1/2"]
[WhiteElo "2058"]
[BlackElo "2057"]
[PlyCount "108"]
[EventDate "2013.??.??"]

1. d4 d5 2. Nf3 Nc6 3. Bf4 Bg4 4. e3 e6 5. Be2 Nf6 6. Nbd2 Bd6 7. c3 O-O 8. Ne5
Bxe5 9. Bxg4 Bxf4 10. exf4 Qd6 11. g3 Nxg4 12. Qxg4 f6 13. Nf3 e5 14. O-O exd4
15. cxd4 Rfe8 16. Rad1 Re4 17. Nh4 Rae8 18. Nf5 Qf8 19. Ne3 Qf7 20. Qf5 Rd8 21.
Nc2 Qg6 22. Qxg6 hxg6 23. Rfe1 Rde8 24. Kf1 Kf7 25. f3 Rxe1+ 26. Rxe1 Rxe1+ 27.
Kxe1 Ke6 28. Kd2 Kd6 29. Kc3 Ne7 30. b4 a6 31. Ne3 b6 32. a4 c5 33. b5 axb5 34.
axb5 c4 35. h4 Nf5 36. Nxf5+ gxf5 37. Kd2 Ke6 38. Ke3 Kf7 39. Kd2 Kg6 40. Ke2
Kh5 41. Ke3 g5 42. hxg5 fxg5 43. fxg5 Kxg5 44. Ke2 Kh5 45. Ke3 Kg6 46. Kf4 Kf6
47. Ke3 Kg5 48. Ke2 Kf6 49. Ke3 Kg6 50. Kf4 Kh5 51. Ke3 Kg5 52. Ke2 f4 53. g4
Kh4 54. Kd2 Kg5 1/2-1/2

[Event "USCL Week 2"]
[Site "?"]
[Date "2013.09.04"]
[Round "?"]
[White "Neimer, Vitaly"]
[Black "Rodriguez, Eric"]
[Result "0-1"]
[WhiteElo "2455"]
[BlackElo "2348"]
[PlyCount "62"]
[EventDate "2013.??.??"]

1. e4 e5 2. Nf3 Nc6 3. Bc4 Nf6 4. d3 Be7 5. O-O O-O 6. Re1 d6 7. a4 Kh8 8. c3
Ng8 9. b4 f5 10. h3 Qe8 11. b5 Nd8 12. Nbd2 Qg6 13. Kh1 Ne6 14. exf5 Rxf5 15.
Ne4 Nf4 16. Ng3 Bd7 17. d4 Raf8 18. Bxg8 Kxg8 19. dxe5 Nxh3 20. Nxf5 Nxf2+ 21.
Kg1 Nh3+ 22. Kf1 Bxf5 23. Re3 Bg5 24. Nxg5 Bd3+ 25. Ke1 Rf1+ 26. Kd2 Rxd1+ 27.
Kxd1 Nxg5 28. Ra2 Qh5+ 29. Kd2 Bc4 30. exd6 cxd6 31. Rb2 h6 0-1

[Event "USCL Week 2"]
[Site "?"]
[Date "2013.09.04"]
[Round "?"]
[White "Xiong, Jeffery"]
[Black "Mu, Joshua"]
[Result "1-0"]
[WhiteElo "2485"]
[BlackElo "2270"]
[PlyCount "63"]
[EventDate "2013.??.??"]

1. c4 e5 2. Nc3 d6 3. g3 f5 4. d4 Be7 5. Bg2 c6 6. e4 Nf6 7. Nge2 O-O 8. O-O
Qe8 9. f4 Qh5 10. Qd3 Ng4 11. h3 Nf6 12. fxe5 fxe4 13. Nxe4 dxe5 14. g4 Qe8 15.
dxe5 Nxe4 16. Rxf8+ Bxf8 17. Bxe4 g6 18. Bf4 Nd7 19. Rd1 Nc5 20. Qc2 Bg7 21.
Bg2 h5 22. Bg5 Be6 23. Nf4 hxg4 24. Nxg6 gxh3 25. Ne7+ Kh8 26. Rd4 Qh5 27. Rh4
Qxh4 28. Bxh4 hxg2 29. Qg6 Bg8 30. Bf6 Bxf6 31. Qh6+ Bh7 32. Qxf6# 1-0

[Event "USCL Week 2"]
[Site "?"]
[Date "2013.09.04"]
[Round "?"]
[White "Finegold, Ben"]
[Black "Quesada, Yuniesky"]
[Result "1/2-1/2"]
[WhiteElo "2561"]
[BlackElo "2686"]
[PlyCount "127"]
[EventDate "2013.??.??"]

1. d4 Nf6 2. c4 e6 3. Nc3 Bb4 4. Qc2 O-O 5. Nf3 d6 6. Bg5 Qe7 7. e3 e5 8. Be2
Re8 9. O-O-O Bxc3 10. Qxc3 Nc6 11. d5 Ne4 12. Bxe7 Nxc3 13. dxc6 Nxe2+ 14. Kd2
Rxe7 15. cxb7 Bxb7 16. Kxe2 a5 17. Rd2 f6 18. Rc1 Kf7 19. Ne1 Ke6 20. f3 f5 21.
Nd3 c5 22. Kf2 g5 23. g3 Bc6 24. Rcd1 Rd7 25. e4 Rf8 26. Ke3 h5 27. Nf2 f4+ 28.
gxf4 gxf4+ 29. Ke2 Rg8 30. Nh3 Rdd8 31. Kf2 Ke7 32. Rg1 Bd7 33. Rxg8 Rxg8 34.
Ng1 Be6 35. b3 a4 36. Ne2 Ra8 37. Rd1 axb3 38. axb3 Ra2 39. h4 Rb2 40. Rd3 Bh3
41. Rc3 Ra2 42. Rc1 Rb2 43. Rc3 Kd7 44. Ke1 Kc6 45. Kf2 Rd2 46. Rc1 Rb2 47. Rc3
Ra2 48. Ke1 Ra8 49. Rc1 Rb8 50. Rc3 Be6 51. Rd3 Kd7 52. Kf2 Rb6 53. Ke1 Ke7 54.
Kf2 Ra6 55. Ke1 Ra1+ 56. Rd1 Ra3 57. Nc1 Ra8 58. Ne2 Ra2 59. Rd2 Ra8 60. Rd1
Rb8 61. Rd3 Rg8 62. Kf2 Ra8 63. Ke1 Ra1+ 64. Rd1 1/2-1/2

[Event "USCL Week 2"]
[Site "?"]
[Date "2013.09.04"]
[Round "?"]
[White "Schroer, Jonathan"]
[Black "Chirila, Cristian"]
[Result "0-1"]
[WhiteElo "2432"]
[BlackElo "2600"]
[PlyCount "158"]
[EventDate "2013.??.??"]

1. d4 Nf6 2. c4 g6 3. Nc3 d5 4. Nf3 Bg7 5. cxd5 Nxd5 6. e4 Nxc3 7. bxc3 c5 8.
Be3 O-O 9. Qd2 Qa5 10. Rb1 cxd4 11. cxd4 Nc6 12. Qxa5 Nxa5 13. Be2 b6 14. O-O
Bb7 15. Bd3 Rac8 16. Rfc1 e6 17. Kf1 Nc6 18. Rc2 Rcd8 19. e5 Rc8 20. Ke2 Rfd8
21. Rbc1 Bf8 22. Bg5 Rd7 23. a4 h6 24. Be3 Rdd8 25. h4 Nb4 26. Rxc8 Rxc8 27.
Rxc8 Bxc8 28. Bc4 Bd7 29. Bb5 Bxb5+ 30. axb5 Kg7 31. Bd2 Nd5 32. Kd3 Nc7 33.
Kc4 a6 34. bxa6 b5+ 35. Kb3 Nxa6 36. Ba5 Nb8 37. Bb4 Nc6 38. Bxf8+ Kxf8 39. Kc3
Ke7 40. Nd2 f5 41. exf6+ Kxf6 42. Ne4+ Ke7 43. g4 b4+ 44. Kc4 b3 45. Kxb3 Nxd4+
46. Kc4 Nf3 47. Kd3 Ne5+ 48. Ke3 Nxg4+ 49. Kf3 Nf6 50. Ng3 Kd6 51. Ne2 Ke5 52.
Nf4 Kf5 53. Ne2 e5 54. Ng3+ Ke6 55. Ke3 Kd5 56. Ne2 Ke6 57. f3 Nd5+ 58. Ke4
Nf6+ 59. Ke3 Kd6 60. Ng3 Kd5 61. f4 e4 62. Ne2 Ng4+ 63. Kd2 h5 64. Nc3+ Ke6 65.
Ke2 Kf5 66. Nd5 Ke6 67. Nc3 Kf5 68. Nd5 Nf6 69. Ne7+ Kxf4 70. Nxg6+ Kf5 71.
Ne7+ Kg4 72. Ng6 Nd5 73. Kf2 e3+ 74. Ke1 Nf4 75. Ne7 Kf3 76. Nf5 Nd3+ 77. Kd1
e2+ 78. Kd2 e1=Q+ 79. Kxd3 Qe4+ 0-1

[Event "USCL Week 2"]
[Site "?"]
[Date "2013.09.05"]
[Round "?"]
[White "Cozianu, Costin"]
[Black "Amanov, Zhanibek"]
[Result "0-1"]
[WhiteElo "2478"]
[BlackElo "2431"]
[PlyCount "72"]
[EventDate "2013.??.??"]

1. e4 e5 2. Nf3 Nc6 3. Bb5 a6 4. Ba4 Nf6 5. d3 b5 6. Bb3 Bc5 7. a4 Rb8 8. axb5
axb5 9. O-O d6 10. c3 O-O 11. Bg5 h6 12. Bh4 g5 13. Bg3 Bg4 14. h3 Bh5 15. Nbd2
Qd7 16. Qc1 Bg6 17. Re1 Rfe8 18. Nf1 Kg7 19. Qd2 Bb6 20. h4 g4 21. N3h2 Nh5 22.
Bd1 f5 23. exf5 Bxf5 24. Kh1 Rf8 25. f3 Qe7 26. fxg4 Nxg3+ 27. Nxg3 Bg6 28. g5
Bf2 29. Ne4 Bxh4 30. gxh6+ Kh8 31. Bb3 Bxe1 32. Qxe1 Bf7 33. Bxf7 Rxf7 34. Nf3
Rg8 35. Qe3 Rf5 36. Nf2 Qf7 0-1